Normal view MARC view

Entry Personal Name

Number of records used in: 1

001 - CONTROL NUMBER

  • control field: 30334

003 - CONTROL NUMBER IDENTIFIER

  • control field:

005 - DATE AND TIME OF LATEST TRANSACTION

  • control field: 20230921122028.0

008 - FIXED-LENGTH DATA ELEMENTS

  • fixed length control field: 230921|| aca||aabn | a|a d

040 ## - CATALOGING SOURCE

  • Original cataloging agency:
  • Transcribing agency:

100 ## - HEADING--PERSONAL NAME

  • Personal name: OSINBANJO, Dalapo

670 ## - SOURCE DATA FOUND

  • Source citation: Work cat.: ()15432: OSINBANJO, Dalapo aut, Arise/, 2022

National Library of Nigeria OPAC is powered by Koha